000 01631cam0 2200373 ib4500
001 BY-BR0001-br20259023127
005 20251208122105.0
010 ^a978-5-9951-5068-8
^bв переплете
100 ^a20250328d2024 bc y0rusy50 ca
101 0 ^arus
102 ^aRU
105 ^aa z 000oy
109 ^ama
200 1 ^aА Дед Мороз-то ненастоящий!
^e[сказочная повесть
^eдля детей дошкольного и младшего школьного возраста]
^fОльга Камышева
^gхудожник Елена Теплова
210 ^aМосква
^cСтрекоза
^d2024
215 ^a46, [1] c.
^cил.
^d27 см
225 1 ^aСерия "Детская художественная литература"
333 ^a0+
345 ^93000 экз.
608 ^aДЕТСКАЯ И ЮНОШЕСКАЯ ЛИТЕРАТУРА (художеств. произведение)
^2BYGNR
^3BY-NLB-ar9019
608 ^aСКАЗОЧНАЯ ПОВЕСТЬ
^2BYGNR
^3BY-NLB-ar3140829
606 ^aХУДОЖЕСТВЕННАЯ ЛИТЕРАТУРА
^3BY-NLB-ar37179
^2DVNLB
606 ^aРУССКАЯ ЛИТЕРАТУРА
^3BY-NLB-ar28702
^2DVNLB
686 ^a84(2Рос)6-4
^2rubbk
690 ^a1
^2Base
^9BY-MI0000
^xRSEK
700 1 ^aКамышева
^bО. В.
702 1 ^aТеплова
^bЕ.
^gЕлена
^4040
801 0 ^aBY
^bBY-BR0001
^c20250328
^gRCR
801 2 ^aBY
^bBY-MI0000
^c20251201
^gRCR
035 ^a(BY-MI0000)BY-BR0001-br20259023127
899 0 ^aBY-MI0000
^iК18
^h84(2Рос)6